[Event "2015 Canadian Closed"]
[Site "Guelph, Ontario"]
[Date "2015.07.10"]
[Round "1.1"]
[White "Wan, Kevin"]
[Black "Sambuev, Bator"]
[Result "0-1"]
[WhiteElo "2302"]
[BlackElo "2642"]
[PlyCount "96"]
[EventDate "2015.??.??"]
[SourceDate "2015.07.10"]
[TimeControl "40/5400+30:1800+30"]

1. e4 Nf6 2. e5 Nd5 3. d4 d6 4. Nf3 Bg4 5. Be2 c6 6. O-O Bxf3 7. Bxf3 dxe5 8.
dxe5 e6 9. c4 Ne7 10. Qxd8+ Kxd8 11. Be4 Nd7 12. f4 Nf5 13. Nc3 Kc7 14. b3 h5
15. Bxf5 exf5 16. Be3 Bc5 17. Kf2 Rhe8 18. Bxc5 Nxc5 19. Rad1 Rad8 20. g3 a5
21. Kf3 a4 22. Nxa4 Nxa4 23. bxa4 Ra8 24. Rd2 Rxa4 25. Rc1 Ra3+ 26. Kg2 Rd8 27.
Rdc2 h4 28. Kh3 Rh8 29. Kg2 h3+ 30. Kf2 Rha8 31. Ra1 Rd8 32. Rb1 b6 33. Ke2 Rd4
34. Rb3 Ra4 35. Rbc3 f6 36. exf6 gxf6 37. Ke3 Re4+ 38. Kf3 Re1 39. Rb2 Ra1 40.
Rcb3 R1xa2 41. Rxb6 R4a3+ 42. Kf2 Kd6 43. Rb8 Kc5 44. Rxa2 Rxa2+ 45. Kf3 Rxh2
46. Rf8 Rh1 47. Rh8 Kxc4 48. Kf2 c5 0-1

[Event "2015 Canadian Closed"]
[Site "Guelph, Ontario"]
[Date "2015.07.10"]
[Round "1.7"]
[White "Buscar, Michael"]
[Black "Gerzhoy, Leonid"]
[Result "1/2-1/2"]
[WhiteElo "2245"]
[BlackElo "2538"]
[PlyCount "125"]
[EventDate "2015.??.??"]
[SourceDate "2015.07.10"]
[TimeControl "40/5400+30:1800+30"]

1. d4 Nf6 2. Nf3 d6 3. g3 Nbd7 4. Bg2 e5 5. c4 Be7 6. Nc3 O-O 7. O-O c6 8. Qc2
Qc7 9. Rd1 Re8 10. b3 Bf8 11. dxe5 dxe5 12. Nd2 Nc5 13. Nde4 Nfxe4 14. Nxe4
Nxe4 15. Bxe4 g6 16. Bb2 Bg7 17. c5 Be6 18. Rd2 f5 19. Bg2 e4 20. e3 Rad8 21.
Rad1 Rxd2 22. Rxd2 Bxb2 23. Qxb2 Rd8 24. Bf1 Rxd2 25. Qxd2 Qd7 26. Qxd7 Bxd7
27. Bc4+ Kg7 28. Kf1 Kf6 29. h4 Be6 30. Be2 b6 31. cxb6 axb6 32. Ke1 b5 33. Kd2
b4 34. Bd1 c5 35. Be2 h6 36. Ke1 Ke5 37. Kd2 g5 38. hxg5 hxg5 39. Bc4 f4 40.
gxf4+ gxf4 41. Be2 Bh3 42. Ba6 Be6 43. Be2 Bd5 44. Bf1 Kf5 45. Bh3+ Kg5 46. Bf1
Be6 47. Be2 Bf7 48. Ba6 Kf5 49. Bf1 Ke5 50. Be2 Be6 51. Ba6 f3 52. Bf1 Kd6 53.
Kc2 Kc6 54. Kb2 Kb6 55. Kc2 Bd7 56. Bc4 Bb5 57. Kb2 Ka5 58. Kc2 Ba6 59. Kc1 Kb6
60. Kc2 Bb7 61. Kc1 Kc7 62. Kb2 Kc6 63. a3 1/2-1/2

[Event "2015 Canadian Closed"]
[Site "Guelph, Ontario"]
[Date "2015.07.10"]
[Round "1.10"]
[White "Peredun, Andrew"]
[Black "Li, Yinshi"]
[Result "1-0"]
[WhiteElo "2406"]
[BlackElo "2211"]
[PlyCount "99"]
[EventDate "2015.??.??"]
[SourceDate "2015.07.10"]

1. Nf3 Nf6 2. d4 e6 3. c4 d5 4. Nc3 Nbd7 5. Bg5 Be7 6. cxd5 exd5 7. e3 c6 8.
Qc2 O-O 9. Bd3 Re8 10. O-O Nf8 11. h3 Ne4 12. Bf4 Ng5 13. Bxg5 Bxg5 14. b4 Ng6
15. b5 Qf6 16. bxc6 bxc6 17. Bxg6 hxg6 18. Nxg5 Qxg5 19. Kh2 Ba6 20. Rfc1 Qe7
21. Na4 Bb5 22. Nc5 Rab8 23. Rab1 Rb6 24. Rb2 Reb8 25. Rcb1 Bc4 26. Kg1 Qc7 27.
a4 Rxb2 28. Rxb2 Rxb2 29. Qxb2 Qb6 30. Qxb6 axb6 31. Nd7 b5 32. a5 b4 33. Nc5
Kf8 34. f4 Ke7 35. Kf2 Kd6 36. Ke1 Kc7 37. g4 Kb8 38. h4 Ka7 39. Kd2 Bf1 40.
Kc2 Bc4 41. g5 Kb8 42. Nd7+ Kb7 43. Ne5 Ka6 44. Nxf7 Kxa5 45. Ne5 Ka4 46. Kb2
c5 47. dxc5 Kb5 48. c6 Kb6 49. f5 gxf5 50. Nxc4+ 1-0

[Event "2015 Canadian Closed"]
[Site "Guelph, Ontario"]
[Date "2015.07.10"]
[Round "1.11"]
[White "Song, Guannan Terry"]
[Black "Plotkin, Victor"]
[Result "0-1"]
[WhiteElo "2202"]
[BlackElo "2400"]
[PlyCount "94"]
[EventDate "2015.??.??"]
[SourceDate "2015.07.10"]
[TimeControl "40/5400+30:1800+30"]

1. e4 e5 2. Nf3 Nf6 3. d4 exd4 4. e5 Ne4 5. Qxd4 d5 6. exd6 Nxd6 7. Bd3 Nc6 8.
Qf4 Qf6 9. Nc3 Qxf4 10. Bxf4 Bg4 11. O-O-O O-O-O 12. Rhe1 h6 13. h3 Bxf3 14.
gxf3 Be7 15. Rg1 g6 16. Nd5 Bg5 17. Be3 Rde8 18. f4 Bh4 19. Rg4 Bd8 20. Rg2 a6
21. f3 Nb4 22. Nxb4 Rxe3 23. Nd5 Re6 24. f5 gxf5 25. c4 c6 26. c5 cxd5 27. cxd6
Rxd6 28. Bxf5+ Kb8 29. Rg7 Rf8 30. b3 Bf6 31. Rg2 Rfd8 32. Rd3 Bg5+ 33. Kd1 Rf6
34. Bg4 Rf4 35. Re2 f5 36. Bh5 d4 37. Bg6 Rc8 38. Rc2 Rg8 39. Bf7 Rf8 40. Be6
Rh4 41. Rc4 Rxh3 42. Rcxd4 Rh1+ 43. Kc2 Rc1+ 44. Kb2 Re1 45. Rd6 Be7 46. Rd1
Re5 47. f4 Re4 0-1

[Event "2015 Canadian Closed"]
[Site "Guelph, Ontario"]
[Date "2015.07.10"]
[Round "1.12"]
[White "Yam, Alex"]
[Black "Filipovich, David"]
[Result "1-0"]
[WhiteElo "2384"]
[BlackElo "2198"]
[PlyCount "43"]
[EventDate "2015.??.??"]
[SourceDate "2015.07.10"]

1. e4 c6 2. c4 d5 3. cxd5 cxd5 4. exd5 Nf6 5. Bb5+ Nbd7 6. Nc3 a6 7. Be2 Nb6 8.
d4 Nbxd5 9. Nf3 e6 10. O-O Be7 11. Ne5 O-O 12. Bg5 h6 13. Bc1 Qc7 14. Qd3 b5
15. Nxd5 Nxd5 16. Qg3 f6 17. Bxh6 Bd6 18. f4 fxe5 19. fxe5 Rxf1+ 20. Rxf1 Bf8
21. Bd3 Nb4 22. Bb1 1-0

[Event "2015 Canadian Closed"]
[Site "Guelph, Ontario"]
[Date "2015.07.10"]
[Round "1.13"]
[White "Manley, Jason"]
[Black "Gentes, Kevin"]
[Result "0-1"]
[WhiteElo "2164"]
[BlackElo "2353"]
[PlyCount "142"]
[EventDate "2015.??.??"]
[SourceDate "2015.07.10"]

1. e4 e5 2. Nf3 Nc6 3. Bc4 Bc5 4. b4 Bxb4 5. c3 Bd6 6. d4 Nf6 7. O-O O-O 8. Re1
h6 9. Bd5 Re8 10. Nbd2 exd4 11. Bxc6 dxc3 12. Nc4 bxc6 13. e5 c2 14. Qd2 Ba6
15. Nxd6 cxd6 16. exf6 Rxe1+ 17. Nxe1 Qxf6 18. Nxc2 Re8 19. Ba3 Re2 20. Qd4
Rxc2 21. Qxf6 gxf6 22. Bxd6 Bd3 23. f3 c5 24. Rb1 c4 25. Rb8+ Kg7 26. a3 Bf5
27. Rc8 Be6 28. Kf1 Rd2 29. Bb4 Rd3 30. Ke2 d5 31. Rc7 d4 32. Rxa7 Re3+ 33. Kf2
c3 34. Rc7 Rd3 35. g4 Bd5 36. Rc5 Bxf3 37. h3 Be4 38. Rc4 Rd2+ 39. Kg3 Bd5 40.
Rc5 Rd3+ 41. Kf2 Bb3 42. Ke2 Rd2+ 43. Kf3 Rd1 44. Ke2 Rd2+ 45. Kf3 Bc2 46. Rc4
Bg6 47. a4 Rd1 48. Ke2 Ra1 49. Rxd4 c2 50. Bd2 c1=Q 51. Bxc1 Rxc1 52. h4 h5 53.
Kd2 Rc5 54. gxh5 Bxh5 55. Ke3 Bg6 56. Kd2 Bf5 57. Ke3 Be6 58. Kd3 f5 59. Rf4
Kf6 60. Rb4 Ke5 61. h5 Bd5 62. Rh4 Be4+ 63. Kd2 Rc2+ 64. Kd1 Rc8 65. h6 f4 66.
a5 Kf5 67. h7 Rh8 68. a6 Kg5 69. Rh2 Rxh7 70. Rxh7 Bxh7 71. Ke2 Be4 0-1

[Event "2015 Canadian Closed"]
[Site "Guelph, Ontario"]
[Date "2015.07.10"]
[Round "1.14"]
[White "Humphreys, Michael"]
[Black "Kiviaho, Robert"]
[Result "1-0"]
[WhiteElo "2348"]
[BlackElo "2161"]
[PlyCount "73"]
[EventDate "2015.??.??"]
[SourceDate "2015.07.10"]
[TimeControl "40/5400+30:1800+30"]

1. d4 Nf6 2. c4 e6 3. Nf3 d5 4. Nc3 Nbd7 5. Bf4 Ne4 6. cxd5 Nxc3 7. bxc3 exd5
8. e3 Nf6 9. Bd3 Bd6 10. Ne5 O-O 11. O-O c6 12. c4 Qe7 13. cxd5 Nxd5 14. Bg3
Be6 15. e4 Nb4 16. Bb1 f6 17. Nf3 Rad8 18. a3 Bxg3 19. hxg3 Na6 20. Qc2 g6 21.
Re1 Bf7 22. Ba2 Bxa2 23. Qxa2+ Qf7 24. Qb2 c5 25. d5 Rd6 26. Rad1 Rfd8 27. Qb3
Nb8 28. g4 b6 29. g5 Nd7 30. gxf6 Rxf6 31. e5 c4 32. Qxc4 Rf5 33. Qc2 Rf8 34.
e6 Qf6 35. exd7 Rg5 36. Re3 Qf7 37. Qe4 1-0

[Event "2015 Canadian Closed"]
[Site "Guelph, Ontario"]
[Date "2015.07.10"]
[Round "1.15"]
[White "Noritsyn, Sergey"]
[Black "Oussedik, Elias"]
[Result "1-0"]
[WhiteElo "2090"]
[BlackElo "2328"]
[PlyCount "59"]
[EventDate "2015.??.??"]
[SourceDate "2015.07.10"]

1. e4 e6 2. d4 d5 3. Nc3 Nf6 4. Bg5 Be7 5. e5 Nfd7 6. Bxe7 Qxe7 7. f4 a6 8. Nf3
c5 9. Qd2 Nc6 10. Ne2 cxd4 11. Nexd4 Qc5 12. c3 b5 13. Rc1 Bb7 14. b3 Rc8 15.
Nxc6 Qxc6 16. Nd4 Qc7 17. Be2 b4 18. c4 Qb6 19. O-O O-O 20. Kh1 Rfd8 21. f5
dxc4 22. fxe6 Nxe5 23. exf7+ Kf8 24. Rcd1 Nd3 25. Bxd3 Rxd4 26. bxc4 Rcd8 27.
Qe3 Bxg2+ 28. Kxg2 Rg4+ 29. Kf3 Rdd4 30. Qe8# 1-0

[Event "2015 Canadian Closed"]
[Site "Guelph, Ontario"]
[Date "2015.07.10"]
[Round "1.16"]
[White "Doknjas, John"]
[Black "Doknjas, Joshua"]
[Result "1/2-1/2"]
[WhiteElo "2316"]
[BlackElo "2083"]
[PlyCount "45"]
[EventDate "2015.??.??"]
[SourceDate "2015.07.10"]

1. d4 d5 2. c4 c6 3. Nf3 Nf6 4. Nc3 dxc4 5. a4 Bf5 6. e3 e6 7. a5 Bb4 8. Qa4
Qe7 9. Bxc4 h6 10. O-O O-O 11. Qb3 c5 12. Ne5 Rd8 13. Rd1 cxd4 14. exd4 Nc6 15.
Nxc6 bxc6 16. Bf4 Rd7 17. Qa4 c5 18. dxc5 Rxd1+ 19. Rxd1 Qxc5 20. Bd6 Qxc4 21.
Qxb4 Qc6 22. Bg3 Ne4 23. Nxe4 1/2-1/2

[Event "2015 Canadian Closed"]
[Site "Guelph, Ontario"]
[Date "2015.07.10"]
[Round "1.18"]
[White "Barron, Michael"]
[Black "Drkulec, Vlad"]
[Result "1-0"]
[WhiteElo "2306"]
[BlackElo "1950"]
[PlyCount "100"]
[EventDate "2015.??.??"]
[SourceDate "2015.07.10"]
[TimeControl "40/5400+30:1800+30"]

1. e4 c5 2. Nf3 d6 3. d4 cxd4 4. Nxd4 Nf6 5. Nc3 a6 6. Be2 e5 7. Nb3 Be6 8. O-O
Be7 9. f4 exf4 10. Bxf4 Nc6 11. Kh1 Ne5 12. Nd4 O-O 13. Nxe6 fxe6 14. Qd4 Nc6
15. Qe3 e5 16. Bc4+ Kh8 17. Bg5 Ng4 18. Qg3 Bxg5 19. Qxg4 Bh6 20. Nd5 Nd4 21.
c3 Nc2 22. Rxf8+ Qxf8 23. Rf1 Qc8 24. Qe2 Ne3 25. Nb6 Qd8 26. Nxa8 Nxf1 27.
Qxf1 Qxa8 28. Bd5 a5 29. Bxb7 Qd8 30. b4 axb4 31. cxb4 Bd2 32. b5 Ba5 33. Qf7
Bb6 34. Bc6 Qg8 35. Qxg8+ Kxg8 36. g3 Kf7 37. Kg2 Ke7 38. Kf3 h5 39. Ke2 h4 40.
gxh4 Kd8 41. Kd3 Kc7 42. Kc4 Ba5 43. Kd5 Bb4 44. a4 Bd2 45. Ke6 Kb6 46. Kxd6
Bf4 47. h3 Ka5 48. Kc7 Be3 49. Be8 Bf2 50. b6 Bxb6+ 1-0

[Event "2015 Canadian Closed"]
[Site "Guelph, Ontario"]
[Date "2015.07.10"]
[Round "1.19"]
[White "Surya, Benito"]
[Black "Zhu, Hong Rui"]
[Result "1/2-1/2"]
[WhiteElo "1938"]
[BlackElo "2304"]
[PlyCount "77"]
[EventDate "2015.??.??"]
[SourceDate "2015.07.10"]

1. e4 c5 2. Ne2 Nf6 3. Nbc3 d6 4. g3 g6 5. Bg2 Bg7 6. O-O O-O 7. d3 Nc6 8. f4
e6 9. Bd2 Rb8 10. Rb1 a6 11. h3 Ne8 12. g4 f5 13. g5 Nc7 14. Ng3 Nd4 15. h4 b5
16. Nce2 Bb7 17. c3 Nxe2+ 18. Qxe2 Qd7 19. Be3 a5 20. d4 cxd4 21. Bxd4 Bxd4+
22. cxd4 fxe4 23. Bxe4 Bxe4 24. Qxe4 Rf7 25. h5 Kg7 26. Rf2 Rbf8 27. Rbf1 Qe7
28. Qh1 Nd5 29. hxg6 hxg6 30. Qh6+ Kg8 31. Qxg6+ Kh8 32. Rh2+ Rh7 33. Rxh7+
Qxh7 34. Qxh7+ Kxh7 35. f5 Ne3 36. Re1 Nxf5 37. Nxf5 exf5 38. Re6 Rg8 39. Rxd6
1/2-1/2

[Event "2015 Canadian Closed"]
[Site "Guelph, Ontario"]
[Date "2015.07.11"]
[Round "2.1"]
[White "Sambuev, Bator"]
[Black "Yam, Alex"]
[Result "1-0"]
[WhiteElo "2642"]
[BlackElo "2384"]
[PlyCount "49"]
[EventDate "2015.??.??"]
[SourceDate "2015.07.10"]
[TimeControl "40/5400+30:1800+30"]

1. Nf3 Nf6 2. c4 g6 3. Nc3 Bg7 4. e4 c5 5. d4 cxd4 6. Nxd4 Nc6 7. Be3 Ng4 8.
Qxg4 Nxd4 9. Qd1 Ne6 10. Qd2 O-O 11. Rc1 b6 12. h4 f5 13. Bh6 Bb7 14. Bxg7 Kxg7
15. h5 g5 16. h6+ Kg8 17. Nd5 fxe4 18. g3 Rf7 19. Rh5 Kf8 20. Qc3 Ke8 21. Rd1
Rc8 22. Be2 Nf8 23. Rxg5 e6 24. Rg7 exd5 25. Bh5 1-0

[Event "2015 Canadian Closed"]
[Site "Guelph, Ontario"]
[Date "2015.07.11"]
[Round "2.8"]
[White "Gerzhoy, Leonid"]
[Black "Noritsyn, Sergey"]
[Result "1-0"]
[WhiteElo "2538"]
[BlackElo "2090"]
[PlyCount "113"]
[EventDate "2015.??.??"]
[SourceDate "2015.07.10"]

1. e4 d5 2. d3 dxe4 3. dxe4 Qxd1+ 4. Kxd1 Nf6 5. f3 c5 6. Be3 e6 7. Nd2 b6 8.
c3 Bb7 9. Kc2 Nbd7 10. Rd1 O-O-O 11. Nc4 Ne8 12. Nh3 h6 13. Be2 g6 14. Rd2 Be7
15. Rhd1 g5 16. Nf2 f6 17. g3 Nb8 18. Rxd8+ Bxd8 19. f4 Bc7 20. Bg4 Ng7 21.
Nd6+ Bxd6 22. Rxd6 Kc7 23. Rd1 f5 24. Bf3 g4 25. Bg2 h5 26. b4 h4 27. bxc5 hxg3
28. cxb6+ axb6 29. hxg3 Rh2 30. Bf1 Bxe4+ 31. Kb3 Bf3 32. Re1 Nh5 33. Bc4 Nxg3
34. Bxe6 Ne4 35. Nxe4 Bxe4 36. c4 Nc6 37. Bd5 Na5+ 38. Kc3 Bxd5 39. cxd5 Rxa2
40. Bd4 Ra3+ 41. Kc2 Rf3 42. Be5+ Kd7 43. d6 Nc4 44. Rh1 Rh3 45. Ra1 Nxe5 46.
fxe5 Ke6 47. Ra8 Rh7 48. Re8+ Kd7 49. Rg8 Rf7 50. Kd3 f4 51. Ke4 f3 52. Kd5 Rf5
53. Rg7+ Kd8 54. Ke6 Rf8 55. Ra7 Re8+ 56. Kd5 f2 57. Kc6 1-0

[Event "2015 Canadian Closed"]
[Site "Guelph, Ontario"]
[Date "2015.07.11"]
[Round "2.11"]
[White "Dougherty, Michael"]
[Black "Doknjas, John"]
[Result "1-0"]
[WhiteElo "2285"]
[BlackElo "2316"]
[PlyCount "83"]
[EventDate "2015.??.??"]
[SourceDate "2015.07.10"]
[TimeControl "40/5400+30:1800+30"]

1. d4 Nf6 2. Nf3 c5 3. e3 g6 4. Bd3 Bg7 5. O-O d5 6. dxc5 Nbd7 7. b4 a5 8. Bd2
Ne4 9. Bxe4 Bxa1 10. Bxd5 O-O 11. Nc3 Bxc3 12. Bxc3 axb4 13. Bxb4 Nb8 14. Ne5
e6 15. Bf3 Qxd1 16. Rxd1 Nc6 17. Bxc6 bxc6 18. a3 Bb7 19. Nc4 Rfd8 20. Nd6 f6
21. g4 Ba6 22. Rd2 Bb5 23. f4 Rd7 24. Kf2 Kf8 25. Kg3 Ke7 26. h4 h5 27. g5 f5
28. Kf3 Ra4 29. Nc8+ Kd8 30. Rxd7+ Kxd7 31. Nb6+ Kc7 32. c4 Ra7 33. cxb5 cxb5
34. Ke2 Kc6 35. Kd3 Rb7 36. Kd4 Rb8 37. Ke5 Rf8 38. Kxe6 Re8+ 39. Kf7 Rxe3 40.
Kxg6 Rf3 41. Nc8 Rxf4 42. Ne7+ 1-0

[Event "2015 Canadian Closed"]
[Site "Guelph, Ontario"]
[Date "2015.07.11"]
[Round "2.12"]
[White "Zhu, Hong Rui"]
[Black "Shi, Diwen"]
[Result "1-0"]
[WhiteElo "2304"]
[BlackElo "2214"]
[PlyCount "79"]
[EventDate "2015.??.??"]
[SourceDate "2015.07.10"]
[TimeControl "40/5400+30:1800+30"]

1. e4 c5 2. Nf3 d6 3. d4 cxd4 4. Nxd4 Nf6 5. Nc3 g6 6. Be3 Bg7 7. f3 Nc6 8. Qd2
O-O 9. Bc4 Bd7 10. O-O-O Rc8 11. Bb3 Ne5 12. Kb1 Re8 13. Rhf1 Qa5 14. g4 b5 15.
Ncxb5 Qb6 16. Nc3 Nc4 17. Bxc4 Rxc4 18. Nf5 Nxe4 19. fxe4 Bxc3 20. Qxc3 Rxc3
21. Nh6+ Kh8 22. Nxf7+ Kg7 23. Bxb6 Rc4 24. Bd4+ Rxd4 25. Rxd4 Rf8 26. e5 Bb5
27. exd6 e5 28. Rdd1 Bxf1 29. d7 Be2 30. d8=Q Rxd8 31. Rxd8 Kxf7 32. g5 e4 33.
Kc1 e3 34. Rd4 Bh5 35. Re4 e2 36. Kd2 Kg7 37. c4 Bf3 38. Re7+ Kf8 39. Rxh7
e1=Q+ 40. Kxe1 1-0

[Event "2015 Canadian Closed"]
[Site "Guelph, Ontario"]
[Date "2015.07.11"]
[Round "2.13"]
[White "Oussedik, Elias"]
[Black "Surya, Benito"]
[Result "1-0"]
[WhiteElo "2328"]
[BlackElo "1938"]
[PlyCount "63"]
[EventDate "2015.??.??"]
[SourceDate "2015.07.10"]
[TimeControl "40/5400+30:1800+30"]

1. d4 d5 2. c4 e6 3. Nc3 c5 4. cxd5 cxd4 5. Qa4+ Bd7 6. Qxd4 exd5 7. Qxd5 Nc6
8. Nf3 Nf6 9. Qd1 Bc5 10. e3 Qe7 11. Be2 O-O-O 12. O-O g5 13. b4 Bxb4 14. Bb2
Rhg8 15. Nb5 a6 16. Nbd4 Ne4 17. Rc1 Kb8 18. Nxc6+ Bxc6 19. Nd4 Bd7 20. Qc2 Rc8
21. Qd3 Nc5 22. Qb1 g4 23. Rfd1 Ne4 24. a3 Bd6 25. g3 h5 26. Bxa6 Nxf2 27. Kxf2
bxa6 28. Nf5 Bxf5 29. Qxf5 Rxc1 30. Rxc1 Re8 31. Bd4 Qe4 32. Rc8+ 1-0

[Event "2015 Canadian Closed"]
[Site "Guelph, Ontario"]
[Date "2015.07.11"]
[Round "2.14"]
[White "Li, Yinshi"]
[Black "Wan, Kevin"]
[Result "0-1"]
[WhiteElo "2211"]
[BlackElo "2302"]
[PlyCount "88"]
[EventDate "2015.??.??"]
[SourceDate "2015.07.10"]
[TimeControl "40/5400+30:1800+30"]

1. d4 e6 2. c4 Nf6 3. Nf3 b6 4. g3 Bb7 5. Bg2 c5 6. O-O cxd4 7. Nxd4 Bxg2 8.
Kxg2 Be7 9. Nc3 Nc6 10. Nxc6 dxc6 11. Qa4 Qc8 12. Rd1 O-O 13. Bf4 Qb7 14. f3
Rfd8 15. e4 a6 16. Rxd8+ Rxd8 17. Rd1 b5 18. cxb5 axb5 19. Rxd8+ Bxd8 20. Qb4
Qd7 21. Bd6 Qa7 22. Bc5 Qd7 23. Bd6 h6 24. e5 Nd5 25. Nxd5 exd5 26. b3 f6 27.
f4 Qg4 28. Qe1 Kf7 29. a4 bxa4 30. bxa4 fxe5 31. Bxe5 Qf5 32. a5 Qc2+ 33. Kh1
Qa4 34. Bc3 d4 35. Bd2 c5 36. Qe2 Qc6+ 37. Kg1 c4 38. Be1 c3 39. Qc2 Qe6 40.
Bf2 Qc4 41. a6 d3 42. Qc1 d2 43. Qc2 Qd5 44. Qd1 c2 0-1

[Event "2015 Canadian Closed"]
[Site "Guelph, Ontario"]
[Date "2015.07.11"]
[Round "2.15"]
[White "Chen, Richard"]
[Black "Song, Guannan Terry"]
[Result "1/2-1/2"]
[WhiteElo "2297"]
[BlackElo "2202"]
[PlyCount "130"]
[EventDate "2015.??.??"]
[SourceDate "2015.07.10"]
[TimeControl "40/5400+30:1800+30"]

1. e4 c5 2. Nf3 d6 3. d4 cxd4 4. Qxd4 Nc6 5. Bb5 Bd7 6. Bxc6 Bxc6 7. Nc3 Nf6 8.
Bg5 e6 9. O-O-O Be7 10. Qd3 Qa5 11. h4 h6 12. Be3 Qa6 13. Qxa6 bxa6 14. Nd2 Ng4
15. Nc4 Nxe3 16. Nxe3 O-O 17. f3 Rfd8 18. Rd2 Rac8 19. g3 Bb7 20. Rhd1 g5 21.
hxg5 hxg5 22. f4 Bf6 23. Rxd6 Rxd6 24. Rxd6 Bxc3 25. bxc3 Bxe4 26. c4 gxf4 27.
gxf4 Bc6 28. Kd2 Kf8 29. Kc3 Ke7 30. c5 Bb5 31. Kb4 Bc6 32. c4 Bb7 33. f5 Rc7
34. fxe6 fxe6 35. Ng4 Rd7 36. Rxd7+ Kxd7 37. Ne5+ Kc7 38. Ka5 Bc8 39. Kb4 Bb7
40. a4 Bc6 41. a5 Be8 42. Kc3 Ba4 43. Kd4 Bd1 44. Nd3 Bf3 45. Nb4 Bb7 46. Ke5
Kd7 47. Kf6 Bc8 48. Nd3 Kc6 49. Ke5 Bd7 50. Kd4 Kb7 51. Nb4 Ba4 52. Ke5 Bb3 53.
Kxe6 Bxc4+ 54. Kd7 Ka8 55. c6 Bf1 56. Nd5 Bg2 57. c7 Bh3+ 58. Kd8 Kb7 59. Ne7
Bg4 60. c8=Q+ Bxc8 61. Nxc8 Kc6 62. Nxa7+ Kb7 63. Nc8 Kc6 64. Na7+ Kb7 65. Nc8
Kc6 1/2-1/2

[Event "2015 Canadian Closed"]
[Site "Guelph, Ontario"]
[Date "2015.07.11"]
[Round "2.16"]
[White "Filipovich, David"]
[Black "Jung, Hans"]
[Result "1/2-1/2"]
[WhiteElo "2198"]
[BlackElo "2294"]
[PlyCount "33"]
[EventDate "2015.??.??"]
[SourceDate "2015.07.10"]
[TimeControl "40/5400+30:1800+30"]

1. Nf3 d5 2. g3 c6 3. Bg2 Nf6 4. c4 dxc4 5. Na3 b5 6. Ne5 Qd6 7. d4 cxd3 8.
Nxd3 Nd5 9. O-O a6 10. Bd2 e5 11. e4 Nd7 12. Bc3 Ne7 13. Nxe5 Qxd1 14. Rfxd1
Nxe5 15. Bxe5 Bg4 16. f3 Be6 17. Nc2 1/2-1/2

[Event "2015 Canadian Closed"]
[Site "Guelph, Ontario"]
[Date "2015.07.11"]
[Round "2.17"]
[White "Kiviaho, Robert"]
[Black "Hamilton, Robert"]
[Result "0-1"]
[WhiteElo "2161"]
[BlackElo "2279"]
[PlyCount "58"]
[EventDate "2015.??.??"]
[SourceDate "2015.07.10"]
[TimeControl "40/5400+30:1800+30"]

1. e4 c5 2. Nf3 e6 3. d4 cxd4 4. Nxd4 a6 5. c4 Nf6 6. Nc3 Qc7 7. Be2 d6 8. O-O
b6 9. Bg5 Nbd7 10. Re1 Bb7 11. Bf1 Be7 12. Nd5 exd5 13. exd5 Kf8 14. Qf3 h6 15.
Bf4 Ne5 16. Qe2 Re8 17. Nf5 Bc8 18. Nd4 g6 19. a4 Kg7 20. a5 bxa5 21. Bd2 Qb6
22. Bc3 Bd8 23. Qd2 Nh7 24. Bxa5 Qb7 25. Bxd8 Rxd8 26. f4 Ng4 27. Nc6 Rde8 28.
h3 Ngf6 29. Qf2 Qb4 0-1

[Event "2015 Canadian Closed"]
[Site "Guelph, Ontario"]
[Date "2015.07.11"]
[Round "2.18"]
[White "Haessel, Dale"]
[Black "Manley, Jason"]
[Result "1-0"]
[WhiteElo "2274"]
[BlackElo "2164"]
[PlyCount "149"]
[EventDate "2015.??.??"]
[SourceDate "2015.07.10"]
[TimeControl "40/5400+30:1800+30"]

1. d4 Nf6 2. c4 e6 3. Nf3 d5 4. Nc3 Bb4 5. cxd5 exd5 6. Bf4 O-O 7. Rc1 c5 8.
dxc5 Bxc5 9. e3 Qb6 10. a3 Ne4 11. b4 Nxc3 12. bxc5 Qb2 13. Qc2 Qxc2 14. Rxc2
Ne4 15. Nd4 Bd7 16. f3 Nf6 17. Rb2 Bc6 18. Nxc6 bxc6 19. Kd2 Nbd7 20. Bd6 Rfd8
21. Ba6 Ne8 22. Be7 Rdb8 23. Bb7 Ne5 24. Kc3 Nc4 25. Bxa8 Rxb2 26. Bxc6 Re2 27.
Bxd5 Rxe3+ 28. Kxc4 Rxe7 29. Rb1 Kf8 30. Bc6 Rc7 31. Kd5 Nf6+ 32. Kd6 Rc8 33.
Rb7 a5 34. Bd7 Ra8 35. c6 Rd8 36. Kc7 Ke7 37. Kb6 Kd6 38. Kxa5 Nd5 39. a4 Ra8+
40. Kb5 Nc7+ 41. Kb4 Na6+ 42. Ka3 Nc5 43. Rb4 Ra7 44. Rd4+ Ke5 45. Rg4 g6 46.
Kb4 Nxd7 47. cxd7 Rxd7 48. a5 Rd2 49. a6 Kd6 50. Rc4 Rxg2 51. Kb3 Re2 52. Ra4
Re8 53. Kc4 Kc6 54. a7 Kb7 55. a8=Q+ Rxa8 56. Rxa8 Kxa8 57. Kd5 Kb7 58. Kd6 Kc8
59. Ke7 Kc7 60. Kxf7 Kd6 61. Kg7 Ke6 62. Kxh7 Kf7 63. Kh6 Kf6 64. h3 Kf7 65.
Kg5 Kg7 66. h4 Kh7 67. h5 gxh5 68. Kxh5 Kg7 69. Kg5 Kf7 70. Kf5 Kg7 71. Ke6 Kf8
72. Kf6 Kg8 73. f4 Kf8 74. f5 Kg8 75. Ke7 1-0

[Event "2015 Canadian Closed"]
[Site "Guelph, Ontario"]
[Date "2015.07.11"]
[Round "2.19"]
[White "Drkulec, Vlad"]
[Black "Cai, Jason"]
[Result "0-1"]
[WhiteElo "1950"]
[BlackElo "2254"]
[PlyCount "110"]
[EventDate "2015.??.??"]
[SourceDate "2015.07.10"]
[TimeControl "40/5400+30:1800+30"]

1. d4 Nf6 2. c4 e6 3. g3 d5 4. Nf3 Be7 5. Bg2 O-O 6. O-O b6 7. cxd5 exd5 8. Nc3
Bb7 9. Bf4 c6 10. Qc2 Na6 11. a3 Nc7 12. Ng5 Ne6 13. Nxe6 fxe6 14. Bh3 Qd7 15.
Rfe1 Nh5 16. Be5 Bd6 17. e4 Rae8 18. exd5 cxd5 19. Qe2 Nf6 20. f3 Bxe5 21. Qxe5
Bc8 22. Rac1 Qf7 23. f4 Bd7 24. Qe2 h5 25. Bg2 Qg6 26. Qc2 Qh6 27. h4 Ng4 28.
Bf3 Nf6 29. Re5 Rc8 30. Qe2 g6 31. Re1 Rfe8 32. Qd3 Kf7 33. Nb5 Bxb5 34. Qxb5
Qf8 35. Qa4 Rc7 36. Qb3 Qd6 37. Qd3 Qc6 38. Rg5 Qc2 39. Qb5 Qd2 40. Qb4 Qxb4
41. axb4 Rc4 42. Ra1 Re7 43. Rd1 Rxb4 44. Rd2 Rc7 45. Re5 Rc1+ 46. Kg2 Rb1 47.
Ree2 Ke7 48. Rc2 Kd6 49. Red2 a5 50. Kf2 Ne4+ 51. Bxe4 dxe4 52. Ke3 Kd5 53. Rc8
Rb3+ 54. Ke2 e3 55. Rd8+ Ke4 0-1

[Event "2015 Canadian Closed"]
[Site "Guelph, Ontario"]
[Date "2015.07.11"]
[Round "2.20"]
[White "Zhou, Qiyu"]
[Black "Zhong, Joey"]
[Result "1-0"]
[WhiteElo "2221"]
[BlackElo "2114"]
[PlyCount "75"]
[EventDate "2015.??.??"]
[SourceDate "2015.07.10"]
[TimeControl "40/5400+30:1800+30"]

1. e4 e5 2. Nf3 Nc6 3. Bb5 a6 4. Ba4 d6 5. c3 f5 6. exf5 Bxf5 7. d4 e4 8. Qe2
Nf6 9. Bg5 Be7 10. Nfd2 d5 11. O-O O-O 12. f3 Qd6 13. fxe4 Bxe4 14. Bf4 Qd7 15.
Nxe4 Nxe4 16. Nd2 Nxd2 17. Qxd2 Bd6 18. Bc2 Bxf4 19. Rxf4 Rxf4 20. Qxf4 Rf8 21.
Qh4 g6 22. Re1 Qd6 23. Qg5 Kg7 24. h3 Rf7 25. Bb3 Rf5 26. Qe3 Rf7 27. Qg5 Rf5
28. Qg4 Rf7 29. Re6 Qd7 30. Qe2 Re7 31. Bxd5 Qxd5 32. Rxe7+ Nxe7 33. Qxe7+ Kg8
34. Qxc7 Qe4 35. Kh2 Qd5 36. Qe5 Qxa2 37. Qb8+ Kg7 38. Qxb7+ 1-0

[Event "2015 Canadian Closed"]
[Site "Guelph, Ontario"]
[Date "2015.07.11"]
[Round "2.21"]
[White "Schneider, Corin"]
[Black "Egorov, Mikhail"]
[Result "0-1"]
[WhiteElo "1885"]
[BlackElo "2039"]
[PlyCount "112"]
[EventDate "2015.??.??"]
[SourceDate "2015.07.10"]
[TimeControl "40/5400+30:1800+30"]

1. d4 Nf6 2. Nf3 c5 3. c3 b6 4. Bf4 d6 5. e3 g6 6. Bd3 Bg7 7. O-O Bb7 8. Nbd2
O-O 9. Qe2 Nc6 10. e4 cxd4 11. cxd4 Nb4 12. Bc4 Nh5 13. Be3 d5 14. exd5 Nxd5
15. Bg5 Nhf4 16. Qd1 h6 17. Bxd5 Nxd5 18. Bh4 Nf4 19. Nb3 Ne6 20. Qe2 g5 21.
Bg3 Bxf3 22. Qxf3 Nxd4 23. Nxd4 Qxd4 24. Rad1 Qxb2 25. Rd7 Bf6 26. h3 Qxa2 27.
Re1 Qc2 28. Be5 Qg6 29. h4 gxh4 30. Re4 h5 31. Bxf6 exf6 32. Rd6 Rae8 33. Rxh4
Kg7 34. Rh3 Re5 35. Qc6 Rg5 36. Rdd3 Rg8 37. Rd6 Kh7 38. g3 Rf5 39. Rh4 Rxf2
40. Kxf2 Qxg3+ 41. Ke2 Qxh4 42. Rxf6 Rg2+ 43. Qxg2 Qxf6 44. Qb7 a5 45. Qa6 Qg6
46. Qa8 h4 47. Qh1 Qe6+ 48. Kd2 h3 49. Kc2 Qg4 50. Qe1 a4 51. Qe7 Qc4+ 52. Kb2
h2 53. Qe1 Qd4+ 54. Ka3 Qc5+ 55. Kb2 a3+ 56. Ka2 Qd5+ 0-1